Los ascensos

Na minha lista:
Detalhes bibliográficos
Autor principal: Iommi Marini, Godofredo Tito (autor)
Formato: Livro
Idioma:espanhol
Publicado em: Valparaíso Universidad Católica de Valparaíso 1990
Assuntos:
Tags: Adicionar Tag
Sem tags, seja o primeiro a adicionar uma tag!

MARC

LEADER 00000nam a2200000 a 4500
001 UCV9082
003 CL-VaPUC
008 920511e19900000CL |||||||||||||||||spa|d
082 0 4 |a Ch861  |b IOM  |2 21 
100 |a Iommi Marini, Godofredo Tito  |e autor  |9 857986 
245 1 4 |a Los ascensos 
300 |a 111 p 
942 |c BK 
945 |d 19920511 00:00:00 
260 |a Valparaíso  |b Universidad Católica de Valparaíso  |c 1990 
650 0 |a Poesías chilenas   |9 265280 
583 |a last modification  |c 20120524 12:16:53  |k Rodrigo Vera 
999 |c 214475  |d 214473 
952 |0 0  |1 0  |4 0  |6 CH_861_000000000000000_IOM_1990  |7 0  |8 A  |9 197866  |a BIBARQ  |b BIBARQ  |d 2019-11-14  |i 2655128  |l 1  |m 1  |o Ch861 IOM 1990  |p 2655128  |r 2025-05-05  |s 2025-04-25  |w 2019-11-14  |y BK  |k ARQ